[Event "V C.to Unione Europea"]
[Site "Arvier ITA"]
[Date "2010.09.05"]
[Round "2"]
[White "Grant, Jonathan I.M."]
[Black "Brunello, Sabino"]
[Result "0-1"]
[WhiteElo "2210"]
[BlackElo "2497"]
[PlyCount "78"]
[EventDate "2010.09.04"]

1. c4 Nf6 2. g3 e6 3. d4 c5 4. d5 exd5 5. cxd5 d6 6. Nc3 g6 7. Bg2 Bg7 8. Nf3
O-O 9. O-O Nbd7 10. Bf4 Qe7 11. a4 Ng4 12. Bg5 f6 13. Bc1 Nge5 14. Re1 a6 15.
Nd2 Re8 16. Qc2 Rb8 17. f4 Ng4 18. e4 b5 19. axb5 axb5 20. h3 Nh6 21. Nf3 b4
22. Nd1 Nb6 23. Bd2 Nf7 24. Nf2 f5 25. e5 Bb7 26. Ra7 Qf8 27. Nd3 b3 28. Qxb3
Bxd5 29. Qc2 c4 30. Nb4 Be4 31. Rxe4 fxe4 32. Rxf7 Qxf7 33. Ng5 Qd7 34. Bxe4
dxe5 35. Bxg6 hxg6 36. Qxg6 exf4 37. Nc6 Nd5 38. Nxb8 Rxb8 39. Ne6 Rb6 0-1

[Event "V C.to Unione Europea"]
[Site "Arvier ITA"]
[Date "2010.09.05"]
[Round "2"]
[White "Llanes Hurtado, Miguel"]
[Black "Cafolla, Peter"]
[Result "1-0"]
[WhiteElo "2474"]
[BlackElo "2088"]
[PlyCount "43"]
[EventDate "2010.09.04"]

1. e4 e5 2. Nf3 Nc6 3. Bc4 Be7 4. d4 exd4 5. c3 d3 6. Qb3 Na5 7. Bxf7+ Kf8 8.
Qa4 Kxf7 9. Qxa5 d6 10. Qd5+ Ke8 11. Qxd3 Bd7 12. c4 Nf6 13. Nc3 c6 14. Bf4 Qa5
15. O-O Qh5 16. Bxd6 Kd8 17. Bxe7+ Kxe7 18. e5 Ng4 19. Qd6+ Kf7 20. Rad1 Rhe8
21. Qc7 Qf5 22. e6+ 1-0

[Event "V C.to Unione Europea"]
[Site "Arvier ITA"]
[Date "2010.09.05"]
[Round "2"]
[White "Moncelli, Giorgio"]
[Black "Tate, Alan"]
[Result "0-1"]
[WhiteElo "2089"]
[BlackElo "2234"]
[PlyCount "76"]
[EventDate "2010.09.04"]

1. d4 Nf6 2. c4 c5 3. d5 b5 4. cxb5 a6 5. f3 e6 6. e4 c4 7. Bxc4 axb5 8. Bxb5
Bc5 9. Nh3 Qb6 10. Nc3 O-O 11. dxe6 fxe6 12. Qe2 d5 13. e5 Nfd7 14. f4 Nc6 15.
Bd3 h6 16. Bb1 Rf7 17. Rf1 Ba6 18. Bd3 Bxd3 19. Qxd3 Nb4 20. Qd1 d4 21. Ne4 d3
22. Rf3 Nc2+ 23. Kf1 Nxa1 24. Rxd3 Nxe5 25. Nxc5 Qxc5 26. Rc3 Qd5 27. Qe2 Nc6
28. Be3 Ne7 29. b3 Nf5 30. Bf2 Qa5 31. Rc1 Qxa2 32. Rc8+ Kh7 33. Rxa8 Qxa8 34.
Qxe6 Rf6 35. Qc4 Rc6 36. Qf7 Qa6+ 37. Ke1 Rc1+ 38. Kd2 Qa2+ 0-1

[Event "V C.to Unione Europea"]
[Site "Arvier ITA"]
[Date "2010.09.05"]
[Round "2"]
[White "Montani, Riccardo"]
[Black "Bogatto, Mario"]
[Result "1-0"]
[WhiteElo "1893"]
[BlackElo "1455"]
[PlyCount "67"]
[EventDate "2010.09.04"]

1. e4 c5 2. Nf3 e6 3. d4 cxd4 4. Nxd4 d6 5. c4 Nf6 6. Nc3 a6 7. Bd3 Nc6 8. Nxc6
bxc6 9. O-O Be7 10. Kh1 e5 11. f4 Qc7 12. Qe1 Qd7 13. f5 Bb7 14. Qg3 Rg8 15.
Bg5 O-O-O 16. Na4 Kb8 17. Be3 c5 18. Nc3 Qc6 19. Nd5 Nxd5 20. cxd5 Qb6 21. b3
Qc7 22. Rfc1 g6 23. fxg6 Rxg6 24. Qf2 f6 25. b4 Rdg8 26. Bf1 Rc8 27. bxc5 dxc5
28. Rab1 Ka8 29. Rc3 Qa5 30. Rbb3 Rc7 31. Qb2 Bc8 32. Rb8+ Ka7 33. Bd2 Qa4 34.
Qb6# 1-0

[Event "V C.to Unione Europea"]
[Site "Arvier ITA"]
[Date "2010.09.05"]
[Round "2"]
[White "Pepino, Enrico"]
[Black "Ortega, Lexy"]
[Result "0-1"]
[WhiteElo "2205"]
[BlackElo "2473"]
[PlyCount "60"]
[EventDate "2010.09.04"]

1. e4 c5 2. Nf3 e6 3. d4 cxd4 4. Nxd4 a6 5. Bd3 Nf6 6. O-O d6 7. c4 Be7 8. Qe2
b6 9. Nc3 Bb7 10. b3 O-O 11. Bb2 Nc6 12. Nxc6 Bxc6 13. Rad1 Qc7 14. f4 b5 15.
cxb5 axb5 16. b4 d5 17. e5 Ne4 18. Bxe4 dxe4 19. a3 Qb7 20. f5 exf5 21. Rxf5
Rad8 22. Re1 e3 23. Qxe3 Bh4 24. g3 Be7 25. Ne4 Qd7 26. Re2 Ba8 27. Nf6+ Bxf6
28. exf6 Qc6 29. Kf1 Rde8 30. Be5 gxf6 0-1

[Event "V C.to Unione Europea"]
[Site "Arvier ITA"]
[Date "2010.09.05"]
[Round "2"]
[White "Ricci, Leonardo"]
[Black "Delaney, John"]
[Result "0-1"]
[WhiteElo "1398"]
[BlackElo "2220"]
[PlyCount "94"]
[EventDate "2010.09.04"]

1. e4 c5 2. Bc4 e6 3. Nc3 a6 4. d3 Nc6 5. Be3 Nf6 6. h3 d5 7. Bb3 d4 8. Bd2
dxc3 9. Bxc3 Nd4 10. Bxd4 cxd4 11. Ne2 Bb4+ 12. c3 dxc3 13. bxc3 Be7 14. e5 Nd7
15. d4 b5 16. Bc2 Bb7 17. O-O Nb6 18. Rb1 Nc4 19. a4 Na3 20. Rb2 Nxc2 21. Qxc2
Bc6 22. axb5 axb5 23. Qb3 O-O 24. Rfb1 Ba3 25. Rd2 Qg5 26. Nf4 Qxf4 27. Rdd1
Qe4 28. f3 Qe3+ 29. Kh2 b4 30. cxb4 Qxb3 31. Rxb3 Ba4 32. Rxa3 Bxd1 33. Rxa8
Rxa8 34. Kg3 Rd8 35. Kf4 Rxd4+ 36. Ke3 Rxb4 37. Kd3 Rb2 38. g3 Bxf3 39. Ke3 Bd5
40. Kf4 h6 41. Kg4 Rb4+ 42. Kh5 Kh7 43. g4 g6+ 44. Kh4 g5+ 45. Kg3 Rb3+ 46. Kh2
Rb2+ 47. Kg3 Rg2# 0-1

[Event "V C.to Unione Europea"]
[Site "Arvier ITA"]
[Date "2010.09.05"]
[Round "2"]
[White "Schmid, Pablo"]
[Black "Batoni, Fabrizio"]
[Result "1-0"]
[WhiteElo "2087"]
[BlackElo "1910"]
[PlyCount "67"]
[EventDate "2010.09.04"]

1. e4 d6 2. d4 Nf6 3. Nc3 g6 4. f4 Bg7 5. Nf3 c5 6. Bb5+ Bd7 7. e5 dxe5 8. fxe5
Ng4 9. e6 fxe6 10. Ng5 Bxd4 11. Bxd7+ Qxd7 12. Qxg4 Bxc3+ 13. bxc3 e5 14. Qe6
Qxe6 15. Nxe6 Na6 16. Be3 b6 17. O-O-O Kf7 18. Ng5+ Ke8 19. Rhf1 Nc7 20. Nf7
Rf8 21. Nxe5 Rxf1 22. Rxf1 Nd5 23. Bh6 Nf6 24. Bg7 Rd8 25. Bxf6 exf6 26. Rxf6
Rd5 27. Re6+ Kf8 28. g4 Rd8 29. g5 Kg8 30. Re7 Rf8 31. Nd7 Rf7 32. Nf6+ Kg7 33.
Rxf7+ Kxf7 34. Nxh7 1-0

[Event "V C.to Unione Europea"]
[Site "Arvier ITA"]
[Date "2010.09.05"]
[Round "2"]
[White "Suba, Mihai"]
[Black "Gallucci, Alessio"]
[Result "1-0"]
[WhiteElo "2464"]
[BlackElo "2144"]
[PlyCount "61"]
[EventDate "2010.09.04"]

1. Nf3 Nf6 2. c4 c5 3. Nc3 Nc6 4. g3 g6 5. d4 Bg7 6. Bg2 O-O 7. O-O d6 8. d5
Na5 9. Nd2 a6 10. Qc2 Rb8 11. b3 b5 12. Bb2 bxc4 13. bxc4 Bh6 14. f4 Rxb2 15.
Qxb2 e5 16. Rae1 exf4 17. gxf4 Ng4 18. e3 Bg7 19. Qc1 Re8 20. Nd1 g5 21. h3 Nh6
22. fxg5 Qxg5 23. Nf3 Qg3 24. Nf2 Nf5 25. Nh1 Qg6 26. e4 Nd4 27. Nh4 Qh5 28.
Qf4 Qe5 29. Qxf7+ Kh8 30. Nf3 Rf8 31. Qh5 1-0

[Event "V C.to Unione Europea"]
[Site "Arvier ITA"]
[Date "2010.09.05"]
[Round "2"]
[White "Valenti, Giuseppe"]
[Black "Vernay, Clovis"]
[Result "0-1"]
[WhiteElo "2162"]
[BlackElo "2460"]
[PlyCount "120"]
[EventDate "2010.09.04"]

1. e4 e6 2. d4 d5 3. Nc3 Bb4 4. exd5 exd5 5. Qf3 Nc6 6. Bb5 Nge7 7. Nge2 Bf5 8.
Bd3 Qd7 9. Bf4 Bg4 10. Qe3 O-O-O 11. f3 Be6 12. O-O-O Nf5 13. Qf2 Ba5 14. g4
Nd6 15. a3 Ne7 16. Kb1 a6 17. b3 Qc6 18. Bd2 Kb8 19. Kb2 Bb6 20. Na4 Nc4+ 21.
Ka2 Ne5 22. Bc3 Nxd3 23. Rxd3 Ba7 24. Kb2 Ng6 25. Qg3 h5 26. Bb4 h4 27. Qe1
Rde8 28. Qd2 Bc8 29. Rc1 Qf6 30. Re3 Bd7 31. Nc5 Bc6 32. Re1 Bxc5 33. Bxc5 Rxe3
34. Qxe3 Re8 35. Qf2 a5 36. a4 b6 37. Ba3 Qe6 38. Kc1 Qe3+ 39. Qxe3 Rxe3 40.
Kd1 Rxf3 41. Bc1 Rh3 42. Rh1 Bd7 43. Ng1 Bxg4+ 44. Kd2 Bf3 45. Nxh3 Bxh1 46.
Ng5 Nh8 47. Ba3 f6 48. Ne6 g5 49. Be7 Ng6 50. Bxf6 g4 51. Bg5 h3 52. Nf4 g3 53.
Nxg6 Be4 54. Bf4 g2 55. Be3 Bxg6 56. Bg1 Kc8 57. c3 Kd7 58. Ke3 Bc2 59. Kf3
Bxb3 60. Kg3 b5 0-1

[Event "V C.to Unione Europea"]
[Site "Arvier ITA"]
[Date "2010.09.05"]
[Round "2"]
[White "Yeuillaz, Corrado"]
[Black "Marguerettaz, Davy"]
[Result "1/2-1/2"]
[WhiteElo "2227"]
[BlackElo "2116"]
[PlyCount "54"]
[EventDate "2010.09.04"]

1. d4 d5 2. c4 c6 3. e3 Nf6 4. Nc3 g6 5. Nf3 Bg7 6. h3 O-O 7. Bd3 c5 8. O-O Nc6
9. a3 cxd4 10. exd4 dxc4 11. Bxc4 Nd7 12. Bg5 Nb6 13. Ba2 Nxd4 14. Nxd4 Qxd4
15. Bxe7 Qxd1 16. Raxd1 Re8 17. Bg5 Be6 18. Bxe6 Rxe6 19. Rd3 h6 20. Bc1 Rc8
21. Rfd1 Rec6 22. Be3 Nc4 23. Nb5 Nxb2 24. Nxa7 Nxd1 25. Rxd1 Ra8 26. Nxc6 bxc6
27. Rd3 Bf8 1/2-1/2

[Event "V C.to Unione Europea"]
[Site "Arvier ITA"]
[Date "2010.09.06"]
[Round "3"]
[White "Baloire, Endy"]
[Black "Grant, Jonathan I.M."]
[Result "0-1"]
[WhiteElo "1953"]
[BlackElo "2210"]
[PlyCount "118"]
[EventDate "2010.09.04"]

1. d4 Nf6 2. Bf4 e6 3. e3 b6 4. Nf3 Bb7 5. c3 Be7 6. Nbd2 Nh5 7. Bg3 d6 8. Bb5+
c6 9. Bd3 Nd7 10. O-O O-O 11. a4 a6 12. Re1 Nxg3 13. hxg3 b5 14. Qc2 g6 15. b4
Qc7 16. c4 bxa4 17. c5 a5 18. bxa5 dxc5 19. Rxa4 cxd4 20. Nxd4 Nc5 21. Raa1
Nxd3 22. Qxd3 Rxa5 23. Rxa5 Qxa5 24. Rc1 Qd5 25. Qe4 c5 26. Qxd5 exd5 27. N4b3
Rc8 28. Kf1 Ba6+ 29. Ke1 Bd3 30. Nf3 c4 31. Nbd4 Ra8 32. Nc2 Ra2 33. Kd1 Bf6
34. Nfe1 Bc3 35. Nf3 h5 36. Nfd4 Bxd4 37. exd4 Rxc2 38. Rxc2 Bxc2+ 39. Kxc2 Kf8
40. Kc3 Ke7 41. f3 Kd6 42. Kb4 Kc6 43. Ka4 c3 44. Kb3 Kb5 45. Kxc3 Ka4 46. Kc2
Kb4 47. Kd3 Kb3 48. g4 hxg4 49. fxg4 Kb4 50. g5 Kb3 51. Ke3 Kc3 52. Kf4 Kxd4
53. g4 Kc5 54. Ke5 d4 55. Kf6 d3 56. Kxf7 d2 57. Kxg6 d1=Q 58. Kh7 Qh1+ 59. Kg7
Kd6 0-1

[Event "V C.to Unione Europea"]
[Site "Arvier ITA"]
[Date "2010.09.06"]
[Round "3"]
[White "Barletta, Mauro"]
[Black "Dritsakos, Alessio"]
[Result "1-0"]
[WhiteElo "2211"]
[BlackElo "1971"]
[PlyCount "101"]
[EventDate "2010.09.04"]

1. e4 e5 2. Nf3 Nc6 3. Bc4 Nf6 4. d3 Be7 5. c3 O-O 6. O-O d6 7. Bb3 Be6 8. Re1
Bxb3 9. axb3 Re8 10. Nbd2 Bf8 11. Nf1 g6 12. Ng3 Bg7 13. Bg5 h6 14. Bd2 Qd7 15.
Qc1 Kh7 16. h3 d5 17. Qc2 dxe4 18. dxe4 Rad8 19. b4 a6 20. Be3 Qe6 21. Nd2 Re7
22. Nb3 Nd7 23. Red1 h5 24. Rd2 Bh6 25. Bxh6 Kxh6 26. Rad1 b6 27. Nf1 Ree8 28.
Ne3 Nf6 29. Nd5 Rc8 30. Qd3 Nb8 31. Qf3 Kg7 32. c4 Nxd5 33. exd5 Qe7 34. c5 Nd7
35. Qc3 f6 36. Qc4 b5 37. Qe2 c6 38. Na5 cxd5 39. Rxd5 Nb8 40. Qd2 Rc7 41. Rd6
Qf7 42. Qe3 Re6 43. Qf3 e4 44. Qf4 g5 45. Qe3 Rd7 46. Rxd7 Nxd7 47. Nb7 Qe7 48.
Qd4 Nf8 49. Nd8 Re5 50. Nc6 Ne6 51. Qxe5 1-0

[Event "V C.to Unione Europea"]
[Site "Arvier ITA"]
[Date "2010.09.06"]
[Round "3"]
[White "Bogatto, Mario"]
[Black "Cattaneo, Roger"]
[Result "0-1"]
[WhiteElo "1455"]
[BlackElo "1748"]
[PlyCount "118"]
[EventDate "2010.09.04"]

1. e4 e5 2. Ne2 Nc6 3. Nbc3 Bc5 4. d3 d6 5. Be3 Bb6 6. Bxb6 axb6 7. g3 Nf6 8.
Bg2 O-O 9. Qd2 Ne7 10. O-O c5 11. f4 Bd7 12. a4 Ne8 13. fxe5 dxe5 14. b3 Nc7
15. Rf2 b5 16. Raf1 bxa4 17. Qg5 Nc6 18. Qxd8 Nxd8 19. Nxa4 Bxa4 20. bxa4 Rxa4
21. Nc3 Ra3 22. Nd5 Nxd5 23. exd5 b5 24. Rb1 b4 25. Re2 f6 26. Rb3 Rxb3 27.
cxb3 Nb7 28. Ra2 Rc8 29. Ra6 Rd8 30. Rc6 Na5 31. Rxc5 Nxb3 32. Rb5 Nc1 33. Rxb4
Nxd3 34. Rb3 Nc5 35. Rc3 Na6 36. Rc4 Kf8 37. Rc6 Nb4 38. Rc5 Ke7 39. Rb5 Na6
40. Rb7+ Rd7 41. Rb6 Nc7 42. Rb7 f5 43. Kf2 e4 44. g4 Nxd5 45. Rxd7+ Kxd7 46.
gxf5 e3+ 47. Ke1 Nf4 48. Be4 h6 49. h4 Kd6 50. Bb1 Ke5 51. Bc2 Kd4 52. Bb1 Ng2+
53. Ke2 Nxh4 54. Ke1 Ke5 55. Bd3 Nxf5 56. Bf1 Nd4 57. Bd3 g5 58. Bf1 g4 59. Bg2
Kf4 0-1

[Event "V C.to Unione Europea"]
[Site "Arvier ITA"]
[Date "2010.09.06"]
[Round "3"]
[White "Brunello, Roberta"]
[Black "Brunello, Marina"]
[Result "0-1"]
[WhiteElo "2066"]
[BlackElo "2212"]
[PlyCount "76"]
[EventDate "2010.09.04"]

1. e4 e5 2. f4 exf4 3. Nf3 d5 4. exd5 Nf6 5. Bb5+ c6 6. dxc6 bxc6 7. Bc4 Be7 8.
O-O O-O 9. d4 Nbd7 10. Bxf4 Nb6 11. Bb3 Nbd5 12. Bxd5 Nxd5 13. Qd2 Nxf4 14.
Qxf4 c5 15. dxc5 Bxc5+ 16. Kh1 Bb7 17. Nc3 Bd6 18. Qg4 Qb6 19. b3 Rac8 20. Na4
Qc7 21. c4 Bxf3 22. Rxf3 Bxh2 23. Raf1 Be5 24. Rh3 Rcd8 25. Rh5 g6 26. Rh3 Bg7
27. Qh4 h5 28. Re1 Rfe8 29. Rhe3 Rxe3 30. Rxe3 Rd4 31. Re8+ Kh7 32. Qf2 Rf4 33.
Qe1 Bf6 34. Re3 Qd7 35. Kh2 Qf5 36. c5 Rf1 37. Qg3 Qb1 38. Qd6 Bh4 0-1

[Event "V C.to Unione Europea"]
[Site "Arvier ITA"]
[Date "2010.09.06"]
[Round "3"]
[White "Brunello, Sabino"]
[Black "Calzetta Ruiz, Monica"]
[Result "1-0"]
[WhiteElo "2497"]
[BlackElo "2280"]
[PlyCount "51"]
[EventDate "2010.09.04"]

1. d4 Nf6 2. Nf3 g6 3. g3 Bg7 4. Bg2 c5 5. d5 d6 6. c4 b5 7. cxb5 a6 8. bxa6
Bxa6 9. Nc3 O-O 10. O-O Bb7 11. Rb1 Na6 12. a3 Nc7 13. e4 Ba6 14. Re1 Ng4 15.
Bf4 Rb8 16. Qc2 e5 17. Bd2 f5 18. h3 fxe4 19. Nxe4 Nh6 20. b4 cxb4 21. Bxb4 Nf7
22. Ba5 Rc8 23. Qc6 Qe8 24. Rbc1 Bd3 25. Qxe8 Rfxe8 26. Rxc7 1-0

[Event "V C.to Unione Europea"]
[Site "Arvier ITA"]
[Date "2010.09.06"]
[Round "3"]
[White "Cafolla, Peter"]
[Black "Ricci, Leonardo"]
[Result "1-0"]
[WhiteElo "2088"]
[BlackElo "1398"]
[PlyCount "49"]
[EventDate "2010.09.04"]

1. c4 Nf6 2. Nc3 e5 3. g3 c6 4. Nf3 Bd6 5. d3 Bc7 6. Bg2 d5 7. cxd5 cxd5 8. O-O
a6 9. Bg5 h6 10. Bxf6 gxf6 11. e4 d4 12. Nd5 Be6 13. Nh4 Bxd5 14. exd5 Nd7 15.
Rc1 Nb6 16. Qf3 Qd7 17. Qxf6 Rh7 18. Be4 Nxd5 19. Bxd5 Qxd5 20. Rxc7 Qd8 21.
Qxe5+ Kf8 22. Rfc1 f6 23. Ng6+ Kg8 24. Qe6+ Rf7 25. Qxf7# 1-0

[Event "V C.to Unione Europea"]
[Site "Arvier ITA"]
[Date "2010.09.06"]
[Round "3"]
[White "De Leeuw, Johannes"]
[Black "Moncelli, Giorgio"]
[Result "1/2-1/2"]
[WhiteElo "1882"]
[BlackElo "2089"]
[PlyCount "37"]
[EventDate "2010.09.04"]

1. e4 c6 2. d4 d5 3. Bd3 dxe4 4. Bxe4 Nf6 5. Bf3 g6 6. Ne2 Bg7 7. c3 O-O 8. Ng3
Nbd7 9. O-O e5 10. Be3 Qc7 11. Qc1 Re8 12. dxe5 Nxe5 13. Be2 Nd5 14. Bh6 Bg4
15. Bxg7 Kxg7 16. f3 Be6 17. Na3 Qb6+ 18. Kh1 Ne3 19. Re1 1/2-1/2

[Event "V C.to Unione Europea"]
[Site "Arvier ITA"]
[Date "2010.09.06"]
[Round "3"]
[White "Delaney, John"]
[Black "Estremera Panos, Sergio"]
[Result "0-1"]
[WhiteElo "2220"]
[BlackElo "2337"]
[PlyCount "90"]
[EventDate "2010.09.04"]

1. e4 c5 2. Nf3 d6 3. d4 Nf6 4. Nc3 cxd4 5. Nxd4 Nc6 6. Bc4 e5 7. Nde2 Be6 8.
Bxe6 fxe6 9. Ng3 Be7 10. Nh5 O-O 11. Nxf6+ Bxf6 12. O-O Rc8 13. Be3 a6 14. Qg4
Qe7 15. Rad1 Na5 16. Rd3 b5 17. a3 Rc6 18. Bc1 Rfc8 19. Qd1 Nb7 20. Rh3 Na5 21.
Qh5 g6 22. Qg4 Nc4 23. Ne2 d5 24. Ng3 Nd6 25. c3 Rc4 26. f3 Bg7 27. Bg5 Qf7 28.
Bd2 h5 29. Qg5 Qf6 30. Qe3 Nf7 31. Qa7 R4c6 32. f4 R8c7 33. Qa8+ Rc8 34. Qa7
Bf8 35. b4 R8c7 36. Qe3 Bh6 37. Qf3 exf4 38. exd5 Ng5 39. Qd3 Nxh3+ 40. gxh3
exd5 41. Qxd5+ Qe6 42. Qd8+ Kh7 43. Bxf4 Bxf4 44. Rxf4 Qe3+ 45. Rf2 Rf7 0-1

[Event "V C.to Unione Europea"]
[Site "Arvier ITA"]
[Date "2010.09.06"]
[Round "3"]
[White "Frank, Albert"]
[Black "Pepino, Enrico"]
[Result "1/2-1/2"]
[WhiteElo "1923"]
[BlackElo "2205"]
[PlyCount "102"]
[EventDate "2010.09.04"]

1. e4 d6 2. d4 Nf6 3. Nc3 g6 4. Be3 c6 5. Qd2 b5 6. f3 Nbd7 7. d5 cxd5 8. Nxd5
a6 9. a4 bxa4 10. Rxa4 Bg7 11. e5 dxe5 12. Bb5 O-O 13. Bc6 Rb8 14. b3 Nxd5 15.
Qxd5 Nb6 16. Qxd8 Rxd8 17. Rb4 Rd6 18. Be4 a5 19. Rxb6 Rdxb6 20. Bxb6 Rxb6 21.
Kf2 e6 22. Ne2 f5 23. Bd3 Bb7 24. Bc4 e4 25. Rd1 Kf8 26. Rd7 exf3 27. gxf3 Ba6
28. Bxa6 Rxa6 29. Rb7 e5 30. c4 e4 31. fxe4 fxe4 32. Ke3 Re6 33. Rb5 Bh6+ 34.
Kd4 Bd2 35. c5 e3 36. Rb6 Re8 37. Rb7 h5 38. c6 Rc8 39. Kd5 Bb4 40. c7 Ke7 41.
Kc6 Bd6 42. Nc3 Bxh2 43. Nd5+ Ke6 44. Nxe3 g5 45. Nd5 g4 46. Rb5 h4 47. Rxa5 h3
48. Ra4 Rxc7+ 49. Nxc7+ Bxc7 50. Rxg4 h2 51. Rh4 Bg3 1/2-1/2

[Event "V C.to Unione Europea"]
[Site "Arvier ITA"]
[Date "2010.09.06"]
[Round "3"]
[White "Gallucci, Alessio"]
[Black "Montani, Riccardo"]
[Result "1-0"]
[WhiteElo "2144"]
[BlackElo "1893"]
[PlyCount "41"]
[EventDate "2010.09.04"]

1. Nf3 c5 2. c4 Nc6 3. Nc3 e5 4. d3 g6 5. g3 Bg7 6. Bg2 Nge7 7. h4 d6 8. h5 a6
9. Ne4 d5 10. h6 dxe4 11. hxg7 Rg8 12. Ng5 Rxg7 13. Nxh7 Nf5 14. Bg5 Qa5+ 15.
Kf1 Rxh7 16. Rxh7 e3 17. Rh8+ Kd7 18. Bh3 exf2 19. e4 Qe1+ 20. Qxe1 fxe1=Q+ 21.
Rxe1 1-0

[Event "V C.to Unione Europea"]
[Site "Arvier ITA"]
[Date "2010.09.06"]
[Round "3"]
[White "Lisandri, Luigi"]
[Black "Renzini, Lorenzo"]
[Result "0-1"]
[WhiteElo "1463"]
[BlackElo "1751"]
[PlyCount "60"]
[EventDate "2010.09.04"]

1. c4 c5 2. Nc3 Nf6 3. b3 g6 4. Bb2 Bg7 5. Rb1 O-O 6. g3 Nc6 7. Bg2 Rb8 8. Nf3
e6 9. O-O d5 10. cxd5 exd5 11. d4 Bf5 12. Rc1 cxd4 13. Nxd4 Nxd4 14. Qxd4 Be6
15. e3 a6 16. Qd2 Qa5 17. Rfd1 Rfd8 18. Qe1 Ne4 19. Bxe4 dxe4 20. Qe2 Rxd1+ 21.
Rxd1 Bxc3 22. Bxc3 Qxc3 23. Rd4 Bh3 24. Qd1 Rc8 25. Rd8+ Rxd8 26. Qxd8+ Kg7 27.
Qd4+ Qxd4 28. exd4 Kf6 29. f3 e3 30. g4 Ke6 0-1

[Event "V C.to Unione Europea"]
[Site "Arvier ITA"]
[Date "2010.09.06"]
[Round "3"]
[White "Marguerettaz, Davy"]
[Black "Caprio, Guido"]
[Result "1-0"]
[WhiteElo "2116"]
[BlackElo "2265"]
[PlyCount "67"]
[EventDate "2010.09.04"]

1. d4 Nf6 2. c4 e6 3. Nc3 Bb4 4. e3 O-O 5. Nge2 d5 6. a3 Be7 7. Nf4 c6 8. cxd5
exd5 9. Bd3 Bd6 10. O-O a5 11. Kh1 Na6 12. f3 Kh8 13. Bc2 c5 14. Ncxd5 Nxd5 15.
Nxd5 Bxh2 16. Kxh2 Qxd5 17. Bb3 Qd6+ 18. Kg1 cxd4 19. Qxd4 Qg6 20. e4 Bh3 21.
Rf2 Rad8 22. Bd5 f5 23. Be3 Nc7 24. Qb6 Qg3 25. Kf1 Nxd5 26. exd5 Rxd5 27. Qxb7
f4 28. Bxf4 Bxg2+ 29. Kg1 Qxf4 30. Qxd5 Bxf3 31. Rxf3 Qxf3 32. Qxf3 Rxf3 33. b4
a4 34. Rf1 1-0

[Event "V C.to Unione Europea"]
[Site "Arvier ITA"]
[Date "2010.09.06"]
[Round "3"]
[White "Mazzetta, Renato"]
[Black "Pierantoni, Mauro"]
[Result "1-0"]
[WhiteElo "1920"]
[BlackElo "1866"]
[PlyCount "73"]
[EventDate "2010.09.04"]

1. e4 e6 2. d3 d5 3. Nd2 Nf6 4. g3 dxe4 5. dxe4 Be7 6. Bg2 Nc6 7. Ngf3 e5 8.
Qe2 Bg4 9. c3 Qd7 10. Nc4 Qe6 11. Bg5 O-O 12. O-O h6 13. Bxf6 Bxf6 14. Ne3 Bxf3
15. Bxf3 Ne7 16. Rfd1 Rad8 17. b3 g6 18. Rd3 Rxd3 19. Qxd3 Qd6 20. Qxd6 cxd6
21. Rd1 Rd8 22. Nc4 Nc8 23. a4 Be7 24. Bg4 Nb6 25. Nb2 d5 26. a5 Nd7 27. Bxd7
Rxd7 28. Rxd5 Rc7 29. Rxe5 Bf6 30. Re8+ Kh7 31. e5 Bg7 32. Nc4 f6 33. f4 g5 34.
e6 f5 35. e7 Kg6 36. Ne5+ Bxe5 37. Rg8+ 1-0

[Event "V C.to Unione Europea"]
[Site "Arvier ITA"]
[Date "2010.09.06"]
[Round "3"]
[White "Melone, Antonio"]
[Black "Bisi, Samuele"]
[Result "1-0"]
[WhiteElo "2016"]
[BlackElo "1829"]
[PlyCount "109"]
[EventDate "2010.09.04"]

1. d4 Nf6 2. c4 e6 3. Nc3 Bb4 4. f3 d5 5. a3 Bd7 6. e4 dxe4 7. fxe4 e5 8. d5
Bc5 9. Nf3 Ng4 10. Bg5 Bf2+ 11. Ke2 f6 12. h3 fxg5 13. hxg4 Bc5 14. b4 Be7 15.
Kd3 Bxg4 16. Be2 Nd7 17. Nd2 Bxe2+ 18. Qxe2 O-O 19. Qg4 Rf6 20. Ne2 a5 21. Nf3
h6 22. c5 b6 23. cxb6 Nxb6 24. Nxe5 Nxd5 25. exd5 Qxd5+ 26. Qd4 Qb3+ 27. Ke4
Re6 28. Qd5 Qc2+ 29. Ke3 Bc5+ 30. bxc5 Rae8 31. Ra2 Qf5 32. Nd4 Qf4+ 33. Kd3
Qxe5 34. Qxe5 Rxe5 35. Re2 Kf7 36. Rxe5 Rxe5 37. Kc4 Re3 38. a4 Rg3 39. Kb5
Rxg2 40. Kxa5 g4 41. Rf1+ Ke8 42. Nf5 Kd7 43. Kb5 Rb2+ 44. Kc4 Kc6 45. Nxg7 Ra2
46. Rf6+ Kb7 47. Kb5 g3 48. Rxh6 Ra1 49. Rg6 Rg1 50. c6+ Ka7 51. Ka5 g2 52. Rg4
Kb8 53. Nf5 Rf1 54. Rg8+ Ka7 55. Nd4 1-0

[Event "V C.to Unione Europea"]
[Site "Arvier ITA"]
[Date "2010.09.06"]
[Round "3"]
[White "Messina, Roberta"]
[Black "Fox, Anthony"]
[Result "0-1"]
[WhiteElo "1890"]
[BlackElo "2130"]
[PlyCount "126"]
[EventDate "2010.09.04"]

1. e4 e5 2. Nf3 Nc6 3. Bc4 Nf6 4. d3 Be7 5. O-O O-O 6. Re1 d6 7. a4 h6 8. Nc3
Na5 9. Ba2 c5 10. Bd2 Nc6 11. Nd5 Nxd5 12. Bxd5 Be6 13. Bxe6 fxe6 14. a5 Qd7
15. c3 Rf7 16. b4 cxb4 17. cxb4 Nd4 18. Nxd4 exd4 19. Qg4 Kh7 20. e5 dxe5 21.
Rxe5 Rf6 22. Rae1 Raf8 23. Rxe6 Rxe6 24. Qxe6 Qxe6 25. Rxe6 Bf6 26. Re1 a6 27.
Rc1 Re8 28. Kf1 Re7 29. Rc5 Kg6 30. b5 axb5 31. Rxb5 Kf7 32. f4 Ke8 33. g4 Rf7
34. Rd5 Rd7 35. Rxd7 Kxd7 36. Ke2 Ke6 37. Kd1 Kd5 38. Kc2 Kc6 39. g5 hxg5 40.
fxg5 Be5 41. h4 g6 42. Be1 Kc5 43. Kd1 Kd5 44. Ke2 Ke6 45. Kf3 Kf5 46. Bg3 Bg7
47. Bc7 Bf8 48. Bb6 Bb4 49. a6 bxa6 50. Bxd4 a5 51. Kg3 a4 52. Ba1 a3 53. d4
Be1+ 54. Kh3 Bd2 55. d5 Bc1 56. d6 Ke6 57. Bf6 Kxd6 58. Kg4 Bb2 59. h5 Bxf6 60.
gxf6 gxh5+ 61. Kxh5 a2 62. Kg6 a1=Q 63. Kf7 Qa7+ 0-1

[Event "V C.to Unione Europea"]
[Site "Arvier ITA"]
[Date "2010.09.06"]
[Round "3"]
[White "Ortega, Lexy"]
[Black "Tate, Alan"]
[Result "1-0"]
[WhiteElo "2473"]
[BlackElo "2234"]
[PlyCount "83"]
[EventDate "2010.09.04"]

1. Nf3 Nf6 2. c4 g6 3. d4 Bg7 4. g3 O-O 5. Bg2 d5 6. cxd5 Nxd5 7. O-O Nb6 8.
Nc3 Nc6 9. d5 Na5 10. Qc2 c6 11. dxc6 Nxc6 12. Rd1 Qe8 13. Be3 Bf5 14. Qc1 Rd8
15. Rxd8 Qxd8 16. Bh6 e5 17. Bxg7 Kxg7 18. Qe3 Qe7 19. Rd1 f6 20. Nh4 Be6 21.
Bxc6 bxc6 22. Nf3 Nd5 23. Qc1 Qb4 24. Rd3 Rf7 25. Nd2 Qa5 26. a3 Rd7 27. Nce4
Ne7 28. Nb3 Qb5 29. Nbc5 Rxd3 30. Nxe6+ Kf7 31. Nc7 Qa5 32. exd3 Qxc7 33. Qh6
Ke6 34. Qxh7 f5 35. Nc5+ Kf6 36. Qh8+ Kf7 37. Qh7+ Kf6 38. h4 Qd6 39. b4 Qd5
40. Qh8+ Kf7 41. Nb7 Ke6 42. Qe8 1-0

[Event "V C.to Unione Europea"]
[Site "Arvier ITA"]
[Date "2010.09.06"]
[Round "3"]
[White "Ricci, Marco"]
[Black "Batoni, Fabrizio"]
[Result "1/2-1/2"]
[WhiteElo "2081"]
[BlackElo "1910"]
[PlyCount "93"]
[EventDate "2010.09.04"]

1. e4 d6 2. d4 Nf6 3. Nc3 g6 4. Bg5 h6 5. Bf4 Bg7 6. Qd2 a6 7. O-O-O b5 8. f3
Be6 9. d5 Bc8 10. Nge2 c5 11. dxc6 Nxc6 12. g4 Qa5 13. Kb1 Ne5 14. Bxe5 dxe5
15. Nc1 Qc7 16. Nd3 O-O 17. Qe3 Rd8 18. Be2 Be6 19. Qc5 Qb7 20. Nxe5 Rxd1+ 21.
Rxd1 Rc8 22. Qd4 Nxe4 23. Qxe4 Qxe4 24. Nxe4 Bxe5 25. h3 f5 26. Nf2 fxg4 27.
fxg4 Bg3 28. Nd3 Bc4 29. Re1 Bd6 30. Rf1 Rf8 31. b3 Bd5 32. Rxf8+ Kxf8 33. Kb2
Bg2 34. h4 e5 35. Ne1 Bc6 36. Kc3 e4 37. Kd4 Bg3 38. Ng2 Bf2+ 39. Ke5 e3 40.
Nf4 Bg3 41. g5 hxg5 42. hxg5 Kg7 43. a3 a5 44. b4 axb4 45. axb4 Kf7 46. c3 Bh2
47. Bg4 1/2-1/2

[Event "V C.to Unione Europea"]
[Site "Arvier ITA"]
[Date "2010.09.06"]
[Round "3"]
[White "Vernay, Clovis"]
[Black "Jaracz, Pawel"]
[Result "1/2-1/2"]
[WhiteElo "2460"]
[BlackElo "2543"]
[PlyCount "41"]
[EventDate "2010.09.04"]

1. d4 Nf6 2. c4 g6 3. f3 Bg7 4. e4 O-O 5. Nc3 d6 6. Bg5 a6 7. Qd2 Nbd7 8. Nh3
c5 9. d5 b5 10. cxb5 Qa5 11. Nf2 Nb6 12. Be2 axb5 13. Nxb5 Bd7 14. Nc3 Rfc8 15.
O-O Ne8 16. Bh6 Bd4 17. Be3 Na4 18. Nxa4 Qxd2 19. Bxd2 Rxa4 20. Bc3 Bxc3 21.
bxc3 1/2-1/2